000
00300nam a2200121Ia 4500
008
190216s9999||||xx |||||||||||||| ||und||
100
_a
Nazar Pa
245
0
_a
Kuttikalude Arogyaprasanangal
260
_b
Poomkavanam Books Publishers
_c
1990
300
_a
98
650
_a
Islamic History
942
_c
BK
999
_c
22323
_d
22323